000 00200nam a2200109Ia 4500
100 _aSTEELE/FRED
942 _cBK
245 _aPHYSICAL SETTINGS
260 _b#N/A
546 _aENGLISH
999 _c33456
_d33456